000 00465cam a22001934a 4500
005 20250605164158.0
008 250528s ||||||||||||||||||||||||d
035 _a19672
020 _a9604059735
040 _aGR-AtMCL
_bgre
_dGR-AtMCL
_eAACR2
245 1 _aΓΡΑΜΜΑΤΟΓΡΑΦΙΑ
250 _a1
260 _bΊων,
_c1996
300 _a79
700 1 _aΜπεσης Π. Σπυρος
_95715
942 _cBK
999 _c4928
_d4928